| 000 | 00989nam a22002297a 4500 | ||
|---|---|---|---|
| 999 |
_c18369 _d18369 |
||
| 003 | AR-CdUCM | ||
| 008 | 190513b ||||| |||| 00| 0 spa d | ||
| 040 |
_aMUNICIPALIDAD PROVINCIAL DEL CUSCO _cBIBLIOTECA MUNICIPAL DEL CUSCO |
||
| 082 |
_a338.94 / _b M14 |
||
| 100 |
_aMaddison, Angus. _938909 |
||
| 245 |
_aEl crecimiento económico de Occidente : _bexperiencia comparativa en Europa y los Estados Unidos / |
||
| 260 |
_aMéxico, D.F ; _bFondo de Cultura Económica, |
||
| 300 |
_a307 paginas ; _c32 cm. |
||
| 440 |
_aSección de obras de economía _96499 |
||
| 505 | _aContenido : El crecimiento occidental -- Las razones del crecimiento acelerado -- La inversión y el crecimiento -- Papel del gobierno en la promoción del crecimiento... | ||
| 650 |
_aDesarrollo económico-- - _91696 |
||
| 650 |
_aEuropa. Desarrollo económico _938910 |
||
| 650 |
_aEstados Unidos _91805 |
||
| 700 |
_aGuasch, Luis (Traducción) _938911 |
||
| 942 |
_2ddc _cLIBROS |
||
| 945 |
_awnts _d2019-05-13 |
||